000 00451nam a2200133 4500
999 _c13973
_d13973
008 190717b ||||| |||| 00| 0 eng d
082 _aDPer 050 T48 Apr-June 2016 v. 187 n. 12-24
100 _aOrenstein, Peggy.
_937053
245 _aJaha Dukureh
_bvoicing the unspeakable/
_cPeggy Orenstein.
260 _aHong Kong:
_bTime Asia,
_cc2016.
300 _av187 n16-17, page 72;
_c27 cm.
650 _aPublic speaking
_xAdvocacy.
_938901
942 _2ddc
_cPER